Rev. Patr. Fr. Francisci Henno Theologia dogm. moral. et scholast in gratiam & juvamen studios Juventutis franciscana F.F. Minor Recollectorum, Tomus octavus, Complectens tractatus de penitentia, ordine & matrimonio. (Record no. 8484)

MARC details
000 -CABECERA
campo de control de longitud fija 00833nam a2200205 a 4500
001 - NÚMERO DE CONTROL
campo de control BRCA_8833
005 - FECHA Y HORA DE LA ÚLTIMA TRANSACCIÓN
campo de control 20190320210429.0
008 - DATOS DE LONGITUD FIJA--INFORMACIÓN GENERAL
campo de control de longitud fija 050517c--------it-#######---#000-0#----#
041 ## - CÓDIGO DE LENGUA
Código de lengua del texto/banda sonora o título independiente lat
044 ## - CÓDIGO DEL PAÍS DE LA ENTIDAD EDITORA/PRODUCTORA
Código MARC del país it
084 ## - OTRO NÚMERO DE CLASIFICACIÓN
Número de clasificación BE214
Número de documento/Ítem .H46 1785
100 1# - ENTRADA PRINCIPAL--NOMBRE DE PERSONA
Nombre de persona Henno, Franz
9 (RLIN) 22012
245 10 - MENCIÓN DE TÍTULO
Título Rev. Patr. Fr. Francisci Henno Theologia dogm. moral. et scholast in gratiam & juvamen studios Juventutis franciscana F.F. Minor Recollectorum, Tomus octavus, Complectens tractatus de penitentia, ordine & matrimonio.
260 ## - PUBLICACIÓN, DISTRIBUCIÓN, ETC.
Lugar de publicación, distribución, etc. Venetiis
Nombre del editor, distribuidor, etc. Sumpt. Haeredis Nicolai Pezzana
Fecha de publicación, distribución, etc. 1785
300 ## - DESCRIPCIÓN FÍSICA
Extensión 636 p . (t.8)
Dimensiones 17.1 x 10.2 cm.
500 ## - NOTA GENERAL
Nota general Estado físico: presenta encuadernación en pergamino con cintas rotas y algunas hojas manchadas
650 14 - PUNTO DE ACCESO ADICIONAL DE MATERIA--TÉRMINO DE MATERIA
Término de materia o nombre geográfico como elemento de entrada Teología doctrinal
Subdivisión cronológica Obras anteriores a 1800
9 (RLIN) 22013
902 ## - CATALOGADOR
Iniciales CFM
942 ## - ELEMENTOS DE PUNTO DE ACCESO ADICIONAL (KOHA)
Fuente del sistema de clasificación o colocación Library of Congress Classification
Tipo de ítem Koha Libros
Holdings
Estado de retiro Estado de pérdida Estado dañado No para préstamo Localización permanente Ubicación/localización actual Fecha de adquisición Total de préstamos Signatura topográfica completa Código de barras Fecha visto por última vez Precio válido a partir de Tipo de ítem Koha
El ejemplar forma parte de la colección y puede ser consultado según las políticas vigentes.       Biblioteca del Museo Franz Mayer (Rogerio Casas-Alatriste) Biblioteca del Museo Franz Mayer (Rogerio Casas-Alatriste) 05/05/2017   BE214 .H46 1785 CFM00160 22/03/2019 22/03/2019 Libros